Statistics for U.S. Presidential Knowledge - Multiple Choice

Click here to take the quiz!

General Stats

  • This quiz has been taken 6,422 times
  • The average score is 10 of 16

Answer Stats

Question Answer % Correct
Where was Barack Obama born?Honolulu
94%
Who was Kennedy's Vice President?Lyndon B. Johnson
90%
Which of these Presidents had a mustache?Theodore Roosevelt
87%
Which of these is considered to be a "swing state" in U.S. Presidential elections?Florida
84%
True or false. Every President prior to Obama was a white, Protestant, man?False
83%
What was Richard Nixon's middle name?Milhous
77%
Which of these is NOT a real location within the White House?The Grand Parlor
73%
Which of these Presidents WASN'T a state governor?Harry Truman
69%
Who succeeded Thomas Jefferson as President?James Madison
67%
Who can the President communicate with using the "Red Telephone"?The President of Russia
61%
Who of these was NOT an actual first lady?June Carter
56%
What era of history did James Monroe preside over?Era of Good Feelings
42%
What is the minimum number of votes that a state can have in the electoral college?3
39%
Which President's real first name was Hiram?Ulysses S. Grant
39%
What's the longest a President can theoretically serve, according to the Constitution and its amendments?10 years
27%
What is the official residence of the Vice President?Number One Observatory Circle
26%

Score Distribution

Percentile by Number Answered

Percent of People with Each Score

Your Score History

You have not taken this quiz